<?xml version="1.0" encoding="UTF-8"?>
<record
    xmlns:xsi="http://www.w3.org/2001/XMLSchema-instance"
    xsi:schemaLocation="http://www.loc.gov/MARC21/slim http://www.loc.gov/standards/marcxml/schema/MARC21slim.xsd"
    xmlns="http://www.loc.gov/MARC21/slim">

  <leader>01301cam a2200361 i 4500</leader>
  <controlfield tag="001">913749744</controlfield>
  <controlfield tag="003">OSt</controlfield>
  <controlfield tag="005">20250514154620.0</controlfield>
  <controlfield tag="008">150713s2015    ne a     b    001 0 eng d</controlfield>
  <datafield tag="020" ind1=" " ind2=" ">
    <subfield code="a">9780123877840 (hardcover)</subfield>
  </datafield>
  <datafield tag="024" ind1=" " ind2=" ">
    <subfield code="c">USD 105.00</subfield>
  </datafield>
  <datafield tag="040" ind1=" " ind2=" ">
    <subfield code="a">UOH</subfield>
    <subfield code="b">eng</subfield>
    <subfield code="e">rda</subfield>
    <subfield code="c">NLM</subfield>
    <subfield code="d">NUST</subfield>
  </datafield>
  <datafield tag="050" ind1="1" ind2="4">
    <subfield code="a">QP143.7K64 KOH</subfield>
  </datafield>
  <datafield tag="100" ind1="1" ind2=" ">
    <subfield code="a">Kohlmeier, Martin,</subfield>
    <subfield code="e">Author</subfield>
  </datafield>
  <datafield tag="245" ind1="1" ind2="0">
    <subfield code="a">Nutrient metabolism :</subfield>
    <subfield code="b">structures, functions, and genes /</subfield>
    <subfield code="c">Martin Kohlmeier</subfield>
  </datafield>
  <datafield tag="250" ind1=" " ind2=" ">
    <subfield code="a">Second edition</subfield>
  </datafield>
  <datafield tag="260" ind1=" " ind2=" ">
    <subfield code="a">Armsterdam : Boston :Heidelberg : London :New York :Oxford :Paris :San Diego ;San Francisco :Singapore :Sydney :Tokyo;</subfield>
    <subfield code="b">Academic Press</subfield>
    <subfield code="c">&#xA9;2015</subfield>
  </datafield>
  <datafield tag="300" ind1=" " ind2=" ">
    <subfield code="a">xxviii, 870 pages :</subfield>
    <subfield code="b">illustrations ;</subfield>
    <subfield code="c">24 cm.</subfield>
  </datafield>
  <datafield tag="336" ind1=" " ind2=" ">
    <subfield code="a">text</subfield>
    <subfield code="b">txt</subfield>
    <subfield code="2">rdacontent</subfield>
  </datafield>
  <datafield tag="337" ind1=" " ind2=" ">
    <subfield code="a">unmediated</subfield>
    <subfield code="b">n</subfield>
    <subfield code="2">rdamedia</subfield>
  </datafield>
  <datafield tag="338" ind1=" " ind2=" ">
    <subfield code="a">volume</subfield>
    <subfield code="b">nc</subfield>
    <subfield code="2">rdacarrier</subfield>
  </datafield>
  <datafield tag="504" ind1=" " ind2=" ">
    <subfield code="a">Includes bibliographical references and index</subfield>
  </datafield>
  <datafield tag="650" ind1=" " ind2="0">
    <subfield code="x">Metabolism</subfield>
  </datafield>
  <datafield tag="650" ind1=" " ind2="0">
    <subfield code="x">Adenosine --- Metabolism</subfield>
  </datafield>
  <datafield tag="650" ind1=" " ind2="0">
    <subfield code="x">Molecular biology</subfield>
  </datafield>
  <datafield tag="650" ind1=" " ind2="0">
    <subfield code="x">Nutrition</subfield>
  </datafield>
  <datafield tag="650" ind1="1" ind2="2">
    <subfield code="x">Nutritional Physiological Phenomena</subfield>
  </datafield>
  <datafield tag="650" ind1="2" ind2="2">
    <subfield code="x">Metabolism --- physiology</subfield>
  </datafield>
  <datafield tag="650" ind1="2" ind2="2">
    <subfield code="x">Micronutrients --- metabolism</subfield>
  </datafield>
  <datafield tag="650" ind1=" " ind2="2">
    <subfield code="x">Metabolism</subfield>
  </datafield>
  <datafield tag="650" ind1=" " ind2="2">
    <subfield code="x">Molecular Biology</subfield>
  </datafield>
  <datafield tag="942" ind1=" " ind2=" ">
    <subfield code="2">lcc</subfield>
    <subfield code="c">BOOKS</subfield>
    <subfield code="e">Second edition</subfield>
    <subfield code="h">QP143.7K64 KOH</subfield>
    <subfield code="k">QP</subfield>
    <subfield code="m">KOH</subfield>
    <subfield code="n">0</subfield>
  </datafield>
  <datafield tag="999" ind1=" " ind2=" ">
    <subfield code="c">171766</subfield>
    <subfield code="d">171766</subfield>
  </datafield>
  <datafield tag="952" ind1=" " ind2=" ">
    <subfield code="0">0</subfield>
    <subfield code="1">0</subfield>
    <subfield code="2">LCC</subfield>
    <subfield code="4">0</subfield>
    <subfield code="7">0</subfield>
    <subfield code="8">NFIC</subfield>
    <subfield code="a">MAIN</subfield>
    <subfield code="b">MAIN</subfield>
    <subfield code="c">GEN</subfield>
    <subfield code="d">2025-05-14</subfield>
    <subfield code="e">Book Aid International</subfield>
    <subfield code="g">105.00</subfield>
    <subfield code="l">0</subfield>
    <subfield code="o">QP143.7K64 KOH</subfield>
    <subfield code="p">92004052980</subfield>
    <subfield code="r">2025-05-14 15:49:05</subfield>
    <subfield code="t">59793</subfield>
    <subfield code="v">105.00</subfield>
    <subfield code="w">2025-05-14</subfield>
    <subfield code="y">BOOKS</subfield>
    <subfield code="z">Donation</subfield>
  </datafield>
</record>
